Pokémon: Evoli-Fakten - Statistiken

Allgemein
  • Dieses Quiz wurde 27 mal gespielt
  • Das Durchschnittsergebnis liegt bei 6 aus 15
Antwortstatistiken
Nummer Frage Antwort % Korrekt
2 Wie viele mögliche Entwicklungen hat Evoli? 8
100%
1 Aus welcher Region stammt Evoli? Kanto
95%
3 Welcher ist Evolis einziger Typ? Normal
95%
4 Welche Nummer hat Evoli im National-Dex? 133
64%
6 In welcher Stadt treten die Kimono-Girls mit ihren Evoli-Entwicklungen auf? Teak City
41%
5 Welcher Begriff fasst die verschiedenen Evoli-Entwicklungen in einem Wort zusammen? Evolition
32%
8 Wer hat im Anime ein Evoli, das sich zu Glaziola entwickelt? Maike
32%
11 Von wem erhält man in den Spielen in Dukatia City ein Evoli geschenkt? Bill
27%
7 Welche Form kann Evoli in der Galar-Region annehmen? Gigadynamax-Evoli
18%
10 Auf der Sammelkarte "Teams sind Trumpf 120" bildet Evoli ein Tag Team mit einem anderen Pokémon der ersten Generation. Mit welchem? Relaxo
18%
15 Welche Augenfarbe hat das Partner-Evoli in "Let’s Go, Evoli!"? Lila
14%
9 Welche ist Evolis exklusive Z-Attacke? Macht der Neun
14%
13 Welcher Manga-Protagonist hat ein Evoli namens Volly? Rot
14%
14 Woran erinnert das Muster auf dem Schweif weiblicher Evoli? Herz
9%
12 Wie viele Münzen benötigt man in der Prismania-Spielhalle, um ein Evoli als Preis zu erhalten? 6666
0%
Keine übereinstimmenden Quizze gefunden
Verteilung der Resultate
Anzahl Personen mit jedem Resultat
Perzentil nach korrekt beantworteten Fragen
Ihre Resultats-Entwicklung
Sie haben dieses Quiz noch nicht gespielt